Haiti's children pay the price of poverty /
Furkejuvvon:
| Váldodahkki: | |
|---|---|
| Materiálatiipa: | Texto |
| Fáttát: | |
| Fáddágilkorat: |
Lasit fáddágilkoriid
Eai fáddágilkorat, Lasit vuosttaš fáddágilkora!
|
MARC
| LEADER | 00000 a a2200000 04500 | ||
|---|---|---|---|
| 001 | 10056 | ||
| 003 | |||
| 040 | |||
| 100 | |a Bracken, Amy | ||
| 245 | |a Haiti's children pay the price of poverty / |c Amy Bracken | ||
| 650 | |a TRABAJO DE MENORES | ||
| 650 | |a ABUSO DE MENORES | ||
| 650 | |a NIÑEZ | ||
| 650 | |a POBREZA | ||
| 650 | |a ESCLAVITUD | ||
| 650 | |a HAITI | ||
| 650 | |a REPUBLICA DOMINICANA | ||
| 773 | |g volumen 39, número 5; páginas 22-25 | ||
| 999 | |c 37933 |d 37933 | ||
